000 00229nam a2200097Ia 4500
008 240331s9999 xx 000 0 und d
082 _bBRI
100 _aMcHenry, R. editor
245 0 _aBritannica book of the year 1992
942 _cL
999 _c3296
_d3296